[Event "51 C.I.S. Promozione Veneto 1"]
[Site "Local Site"]
[Date "2019.03.17"]
[Round "4.3"]
[White "Rizzati, Aldo"]
[Black "Fiscato, Claudio"]
[Result "1-0"]
[WhiteElo "1736"]
[BlackElo "1636"]
[PlyCount "39"]
[EventDate "2019.??.??"]
[WhiteTeam "Gli Alfieri del Battinelli"]
[BlackTeam "Il Grifone di Arzignano 2"]

1. e4 c5 2. Nf3 e6 3. c4 Nc6 4. Nc3 a6 5. d4 cxd4 6. Nxd4 Qc7 7. Be3 Nf6 8. Rc1
Bb4 9. f3 O-O 10. Be2 b6 11. O-O Nxd4 12. Bxd4 Bc5 13. Na4 d6 14. Nxc5 dxc5 15.
Bc3 e5 16. Qd2 Nd7 17. Rfd1 f6 18. Qd5+ Kh8 19. Qxa8 Bb7 20. Rxd7 1-0

[Event "51 C.I.S. Promozione Veneto 1"]
[Site "Local Site"]
[Date "2019.03.17"]
[Round "4.4"]
[White "Trigili, Franco"]
[Black "Gneo, Marco"]
[Result "0-1"]
[WhiteElo "1459"]
[BlackElo "1703"]
[PlyCount "64"]
[EventDate "2019.??.??"]
[WhiteTeam "Il Grifone di Arzignano 2"]
[BlackTeam "Gli Alfieri del Battinelli"]

1. Nf3 c5 2. c4 e6 3. Nc3 a6 4. e4 Qc7 5. d3 Nc6 6. Be3 Nf6 7. Be2 Be7 8. O-O
O-O 9. Qd2 Bd6 10. g3 Ng4 11. Bf4 Bxf4 12. gxf4 b6 13. Kg2 Bb7 14. Rg1 f5 15.
h3 Nh6 16. e5 Nd4 17. Bd1 d6 18. Kg3 Nxf3 19. Bxf3 Bxf3 20. Kxf3 dxe5 21. fxe5
f4 22. Rae1 Nf5 23. Kg4 Qe7 24. Kf3 Qh4 25. Rh1 Nd4+ 26. Kg2 Qg5+ 27. Kf1 Nf3
28. Qe2 Nxe1 29. Qxe1 Rf5 30. Qe4 Raf8 31. Rg1 Qh6 32. Qc6 f3 0-1

[Event "51 C.I.S. Promozione Veneto 1"]
[Site "Local Site"]
[Date "2019.03.17"]
[Round "5.1"]
[White "Vujicic, Luigi"]
[Black "Ferrara, Pietro"]
[Result "0-1"]
[WhiteElo "1432"]
[BlackElo "1810"]
[PlyCount "60"]
[EventDate "2019.??.??"]
[WhiteTeam "Pedoni Passanti"]
[BlackTeam "Gli Alfieri del Battinelli"]

1. e4 e5 2. Nf3 Nc6 3. Bb5 a6 4. Ba4 Nf6 5. O-O b5 6. Bb3 Be7 7. Re1 d6 8. c3
Bg4 9. d3 O-O 10. h3 Bh5 11. Nbd2 Nb8 12. Nf1 Nbd7 13. Ng3 Bg6 14. Nh4 Kh8 15.
Nxg6+ fxg6 16. d4 exd4 17. cxd4 Nb6 18. Bc2 c5 19. b3 Rc8 20. Bb2 c4 21. Re3 b4
22. bxc4 Nxc4 23. Rb3 Nxb2 24. Rxb2 a5 25. e5 Nd5 26. Ne4 Nc3 27. Nxc3 Rxc3 28.
Rb3 Qc7 29. Rxc3 Qxc3 30. Qd3 Qxa1+ 0-1

[Event "51 C.I.S. Promozione Veneto 1"]
[Site "Local Site"]
[Date "2019.03.17"]
[Round "5.2"]
[White "Zenti, Edoardo"]
[Black "Fiscina, Marco"]
[Result "1-0"]
[WhiteElo "1744"]
[BlackElo "1424"]
[PlyCount "51"]
[EventDate "2019.??.??"]
[WhiteTeam "Gli Alfieri del Battinelli"]
[BlackTeam "Pedoni Passanti"]

1. e4 e5 2. Nf3 Nc6 3. Bc4 Nf6 4. Ng5 d5 5. exd5 Nxd5 6. Nxf7 Kxf7 7. Qf3+ Ke7
8. Bxd5 Be6 9. Bxe6 Kxe6 10. O-O Bd6 11. d3 h6 12. Nc3 Rf8 13. Qg4+ Kf6 14. f4
e4 15. Nxe4+ Kf7 16. Bd2 Kg8 17. Bc3 Rf7 18. Rf3 Be7 19. Kh1 Qd5 20. Raf1 Raf8
21. Rg3 Ne5 22. Qh5 Rxf4 23. Rxf4 Rxf4 24. Rf3 Rxf3 25. gxf3 Bg5 26. Qe8+ 1-0

[Event "51 C.I.S. Promozione Veneto 1"]
[Site "Local Site"]
[Date "2019.03.17"]
[Round "5.4"]
[White "Venturini, Valter"]
[Black "Rizzati, Aldo"]
[Result "0-1"]
[WhiteElo "1240"]
[BlackElo "1736"]
[PlyCount "79"]
[EventDate "2019.??.??"]
[WhiteTeam "Pedoni Passanti"]
[BlackTeam "Gli Alfieri del Battinelli"]

1. Nf3 Nf6 2. g3 d5 3. d3 Bf5 4. Nbd2 Nbd7 5. Bg2 e5 6. Nh4 Be6 7. e4 c6 8. O-O
Bc5 9. Nb3 Bb6 10. d4 O-O 11. Nf5 dxe4 12. Nd6 Qc7 13. Nxe4 Nxe4 14. Bxe4 f5
15. Bg2 Bxb3 16. axb3 Bxd4 17. c3 Bb6 18. Kh1 Rad8 19. Qe2 Nc5 20. Qc4+ Qf7 21.
Qxf7+ Rxf7 22. Ra3 Nd3 23. Kg1 Nxc1 24. Rxc1 Rd2 25. Bf1 Rfd7 26. Bc4+ Kf8 27.
Rf1 Rxb2 28. Be6 Rdd2 29. Bxf5 Rxf2 30. Rxf2 Rxf2 31. Kh1 Rxf5 32. Ra4 Rf3 33.
Rc4 e4 34. Rxe4 Rxc3 35. b4 Kf7 36. Kg2 g5 37. Re2 Rc4 38. Rd2 Ke6 39. Kh3 h5
40. Rd8 0-1

[Event "51 C.I.S. Promozione Veneto 1"]
[Site "Local Site"]
[Date "2019.03.17"]
[Round "5.4"]
[White "Gneo, Marco"]
[Black "Ugo, Roberto"]
[Result "0-1"]
[WhiteElo "1703"]
[BlackElo "1440"]
[PlyCount "40"]
[EventDate "2019.??.??"]
[WhiteTeam "Gli Alfieri del Battinelli"]
[BlackTeam "Pedoni Passanti"]

1. Nf3 Nf6 2. d4 d5 3. c4 e6 4. Nc3 Bb4 5. Qc2 Nc6 6. Bg5 Bxc3+ 7. bxc3 h6 8.
Bh4 g5 9. Bg3 Ne4 10. Ne5 Nxg3 11. Nxc6 bxc6 12. hxg3 Bd7 13. e4 Rb8 14. e5
dxc4 15. Bxc4 c5 16. Bd3 Bc6 17. Bh7 Qd5 18. O-O-O Qc4 19. Bd3 Qa4 20. f3 Qb3
0-1

[Event "51 C.I.S. Promozione Veneto 1"]
[Site "Local Site"]
[Date "2019.03.17"]
[Round "5.1"]
[White "Pernigo, Leonardo"]
[Black "Redo, Giorgio"]
[Result "0-1"]
[WhiteElo "1756"]
[BlackElo "2070"]
[PlyCount "86"]
[EventDate "2019.??.??"]
[WhiteTeam "Valpolicella A"]
[BlackTeam "Salvioli A"]

1. d4 Nf6 2. Nf3 g6 3. Bf4 d5 4. Nbd2 Bg7 5. e3 Nbd7 6. Bd3 Nh5 7. Bg5 f6 8.
Bh4 f5 9. c4 c6 10. Ng5 Ndf6 11. cxd5 Nxd5 12. Nb3 h6 13. Nf3 g5 14. Ne5 Nhf6
15. Bg3 h5 16. h4 g4 17. Ng6 Rh6 18. Nf4 Ne4 19. Bxe4 fxe4 20. O-O Nxf4 21.
Bxf4 Rg6 22. Nc5 Qd5 23. Qb3 b6 24. Qxd5 cxd5 25. Na4 Bb7 26. Rfc1 Rc6 27. Rxc6
Bxc6 28. Nc3 Rc8 29. a4 a5 30. Ra3 Bf8 31. Rb3 e5 32. Bxe5 Bb4 33. Nb5 Bxb5 34.
axb5 Rc4 35. Kh2 a4 36. Ra3 Bxa3 37. bxa3 Kd7 38. Bg7 Ke7 39. Be5 Rc3 40. Kg3
Rxa3 41. Bc7 Rb3 42. Bxb6 Rxb5 43. Bc5+ Rxc5 0-1

[Event "51 C.I.S. Promozione Veneto 1"]
[Site "Local Site"]
[Date "2019.03.17"]
[Round "5.2"]
[White "Cattaruzzo, Nicolò"]
[Black "Perantoni, Matteo"]
[Result "1-0"]
[WhiteElo "1772"]
[BlackElo "1680"]
[PlyCount "73"]
[EventDate "2019.??.??"]
[WhiteTeam "Salvioli A"]
[BlackTeam "Valpolicella A"]

1. d4 e6 2. c4 f5 3. Nc3 Nf6 4. g3 Bb4 5. Bg2 d5 6. Nh3 Nc6 7. O-O O-O 8. cxd5
Nxd5 9. Nxd5 exd5 10. Nf4 Ne7 11. Qb3 Qd6 12. a3 Ba5 13. Nxd5 Kh8 14. Bf4 Qe6
15. Qb5 c6 16. Qxa5 Nxd5 17. Be5 b6 18. Qd2 Ba6 19. Rfe1 Rad8 20. Rad1 Ne7 21.
e4 Ng6 22. exf5 Qxf5 23. Qe3 Nxe5 24. dxe5 Rxd1 25. Rxd1 Qc2 26. Qd2 Qc5 27.
Qd4 Qc2 28. e6 Be2 29. e7 Re8 30. Re1 Bh5 31. Qe5 Bf7 32. Be4 Qc4 33. Qf5 g6
34. Qf6+ Kg8 35. Bxc6 Rc8 36. e8=Q+ Bxe8 37. Rxe8+ 1-0

[Event "51 C.I.S. Promozione Veneto 1"]
[Site "Local Site"]
[Date "2019.03.17"]
[Round "5.3"]
[White "Volpi, Matteo"]
[Black "Urbinati, Emilio"]
[Result "1-0"]
[WhiteElo "1555"]
[BlackElo "1564"]
[PlyCount "43"]
[EventDate "2019.??.??"]
[WhiteTeam "Valpolicella A"]
[BlackTeam "Salvioli A"]

1. d4 e6 2. Bf4 d5 3. e3 c5 4. c4 Nf6 5. Nf3 Nc6 6. Nc3 Be7 7. cxd5 Nxd5 8.
Nxd5 Qxd5 9. Be2 cxd4 10. exd4 Bb4+ 11. Bd2 Bxd2+ 12. Qxd2 O-O 13. O-O Bd7 14.
b3 a6 15. Bc4 Qa5 16. Qf4 b5 17. Bd3 h6 18. Ne5 Nxe5 19. dxe5 Bc6 20. Rfc1 Bd5
21. Be4 Qb4 22. Bh7+ 1-0

[Event "51 C.I.S. Promozione Veneto 1"]
[Site "Local Site"]
[Date "2019.03.17"]
[Round "5.4"]
[White "Jabara, Marco"]
[Black "Bonelli, Francesco"]
[Result "0-1"]
[WhiteElo "1524"]
[BlackElo "1433"]
[PlyCount "91"]
[EventDate "2019.??.??"]
[WhiteTeam "Salvioli A"]
[BlackTeam "Valpolicella A"]

1. d4 d5 2. c4 e6 3. Nc3 Nf6 4. Bg5 Nbd7 5. e3 c6 6. Nf3 Qa5 7. Bxf6 Nxf6 8.
Qc1 Bb4 9. Nd2 c5 10. a3 Bxc3 11. Qxc3 Qxc3 12. bxc3 cxd4 13. cxd4 dxc4 14.
Bxc4 Bd7 15. O-O O-O 16. Rab1 Bc6 17. Rfc1 Rfc8 18. Bd3 a6 19. f3 b5 20. Kf2
Bb7 21. Nb3 Nd7 22. Na5 Rxc1 23. Rxc1 Rc8 24. Rxc8+ Bxc8 25. e4 Nb6 26. Ke2 Kf8
27. Kd2 Ke7 28. Bc2 Kd6 29. Kc3 h5 30. Kb4 g5 31. Bb3 Nd7 32. a4 bxa4 33. Bxa4
f5 34. Nc4+ Kc7 35. d5 exd5 36. exd5 Nf6 37. d6+ Kd8 38. Kc5 g4 39. Kd4 Bd7 40.
Nb6 h4 41. fxg4 Bxa4 42. g5 Ne4 43. Nxa4 Nxg5 44. Ke5 Ne4 45. Ke6 f4 46. h3 0-1

[Event "51 C.I.S. Promozione Veneto 2"]
[Site "?"]
[Date "2019.03.15"]
[Round "1.1"]
[White "Alba, Riccardo"]
[Black "Pasin, Mattia"]
[Result "0-1"]
[WhiteElo "1786"]
[BlackElo "1851"]
[PlyCount "126"]
[EventDate "2019.??.??"]
[WhiteTeam "L'Alfiere"]
[BlackTeam "Scacchi Berici 1"]

1. d4 d5 2. Nf3 c6 3. Nbd2 Nf6 4. h3 Bf5 5. Nh4 Be4 6. Nxe4 Nxe4 7. Nf3 Nd7 8.
Bf4 Qb6 9. Rb1 e6 10. c3 c5 11. e3 Bd6 12. Bxd6 Nxd6 13. Bd3 c4 14. Bc2 O-O 15.
O-O Rfb8 16. Ba4 Nf6 17. Ne5 Qa6 18. a3 b5 19. Bc2 Qb7 20. Ng4 Nxg4 21. Qxg4 a5
22. Qh5 g6 23. Qe5 Qc6 24. h4 b4 25. axb4 axb4 26. cxb4 Rxb4 27. h5 Rab8 28.
hxg6 hxg6 29. g3 Ne8 30. Kg2 Qc7 31. Qg5 Qd8 32. Qg4 Qf6 33. Rh1 Rxb2 34. Qh3
Rxb1 35. Bxb1 Rb2 36. Qh7+ Kf8 37. Qh8+ Qxh8 38. Rxh8+ Ke7 39. Rh1 Nd6 40. Rc1
Nb5 41. Bc2 Na3 42. Bd1 Nb1 43. Bc2 Nd2 44. g4 Kd6 45. Kg3 e5 46. dxe5+ Kxe5
47. f4+ Kd6 48. f5 g5 49. Bd1 Ne4+ 50. Kh3 Nf2+ 51. Kg3 Nxd1 52. Rxd1 Ke5 53.
Kf3 Ra2 54. Rc1 Rd2 55. Rc3 Rd3 56. Rc1 c3 57. Kf2 Ke4 58. Re1 Rd2+ 59. Re2
Rxe2+ 60. Kxe2 c2 61. Kd2 f6 62. Kxc2 Kxe3 63. Kd1 Kd3 0-1

[Event "51 C.I.S. Promozione Veneto 2"]
[Site "?"]
[Date "2019.03.15"]
[Round "1.2"]
[White "Testolin, Marco"]
[Black "Vedovato, Rudi"]
[Result "0-1"]
[WhiteElo "1591"]
[BlackElo "1759"]
[PlyCount "86"]
[EventDate "2019.??.??"]
[WhiteTeam "Scacchi Berici 1"]
[BlackTeam "L'Alfiere"]

1. e4 d5 2. exd5 Nf6 3. Nc3 Nxd5 4. Bc4 Nxc3 5. bxc3 e5 6. d4 exd4 7. cxd4 Bb4+
8. Bd2 Qxd4 9. Bxb4 Qxc4 10. Qe2+ Qxe2+ 11. Nxe2 Nc6 12. Ba3 Bd7 13. Rd1 O-O-O
14. O-O Be6 15. Nc3 Rxd1 16. Rxd1 Rd8 17. Rxd8+ Kxd8 18. f3 Nd4 19. Bc5 Nxc2
20. a3 b6 21. Bf8 g6 22. Nb5 a6 23. Nc3 Ke8 24. Bb4 Nxb4 25. axb4 Kd7 26. Kf2
Kc6 27. Ke3 a5 28. bxa5 bxa5 29. Kd4 Bb3 30. Nb1 Kb5 31. Kc3 a4 32. Na3+ Kc5
33. g3 Kd5 34. Kd3 Bd1 35. f4 c5 36. Nb5 c4+ 37. Kc3 Bb3 38. Na3 Ke4 39. Nxc4
Bxc4 40. Kxc4 Kf3 41. Kb4 Kg2 42. Kxa4 Kxh2 43. g4 Kg3 0-1

[Event "51 C.I.S. Promozione Veneto 2"]
[Site "?"]
[Date "2019.03.15"]
[Round "1.3"]
[White "Bressan, Stefano"]
[Black "Pasin, Danilo"]
[Result "1-0"]
[WhiteElo "1696"]
[BlackElo "1392"]
[PlyCount "71"]
[EventDate "2019.??.??"]
[WhiteTeam "L'Alfiere"]
[BlackTeam "Scacchi Berici 1"]

1. e4 c5 2. Nf3 g6 3. d4 cxd4 4. Nxd4 Bg7 5. Nc3 Nc6 6. Be3 d6 7. Be2 Nf6 8.
O-O O-O 9. f4 e6 10. Bf3 e5 11. Ndb5 Ne8 12. Nd5 Bh6 13. Qd2 exf4 14. Bxf4 Bxf4
15. Qxf4 Be6 16. Nbc3 Ne5 17. Rad1 Kg7 18. h4 f5 19. exf5 Bxf5 20. Be4 Nc7 21.
Bxf5 Rxf5 22. Qb4 Rb8 23. Rxf5 gxf5 24. Nxc7 Qxc7 25. Qxd6 Qxd6 26. Rxd6 Nc4
27. Rd7+ Kg6 28. Nd5 Nxb2 29. Nf4+ Kh6 30. Rf7 Nd1 31. Rxf5 Ne3 32. Rf7 Nxc2
33. g4 Rg8 34. g5+ Rxg5+ 35. hxg5+ Kxg5 36. Ne6+ 1-0

[Event "51 C.I.S. Promozione Veneto 2"]
[Site "?"]
[Date "2019.03.15"]
[Round "1.4"]
[White "Evilio, Lucia"]
[Black "Saladino, Emiliano"]
[Result "0-1"]
[WhiteElo "1339"]
[BlackElo "1287"]
[PlyCount "122"]
[EventDate "2019.??.??"]
[WhiteTeam "Scacchi Berici 1"]
[BlackTeam "L'Alfiere"]

1. Nf3 Nf6 2. d4 b6 3. e3 Bb7 4. c4 e6 5. a3 c5 6. Nc3 cxd4 7. exd4 Be7 8. Be2
O-O 9. O-O d5 10. cxd5 Nxd5 11. Bc4 Nxc3 12. bxc3 Qc7 13. Qe2 Nd7 14. Bd2 Bxf3
15. gxf3 Bd6 16. Kg2 Bxh2 17. Rh1 Bf4 18. Bd3 Nf6 19. Bxh7+ Nxh7 20. Qe4 Nf6
21. Qxf4 Qxf4 22. Bxf4 Nd5 23. Bd2 Rac8 24. Rac1 b5 25. Rh4 f5 26. Rh3 Kf7 27.
Kf1 Rc6 28. f4 Rfc8 29. Ke2 Nb6 30. Rb1 a6 31. Rg3 Nc4 32. Rbg1 Rg8 33. Bc1 Nd6
34. Bb2 Ne4 35. Re3 Rh8 36. Kf3 Nd2+ 37. Kg2 Nc4 38. Re2 Nxb2 39. Rxb2 Rxc3 40.
Ra1 Rh4 41. a4 Rg4+ 42. Kf1 Rxf4 43. axb5 axb5 44. Ra7+ Kf6 45. Rb7 Rxd4 46.
R7xb5 Rc1+ 47. Ke2 Re4+ 48. Kd2 Rf1 49. Kd3 g5 50. Rb8 g4 51. Rf8+ Kg5 52. Rg8+
Kf4 53. Re2 Rxe2 54. Kxe2 Ra1 55. Re8 Ra2+ 56. Ke1 e5 57. Rd8 e4 58. Rd4 Kf3
59. Rd5 f4 60. Rc5 Re2+ 61. Kd1 Kxf2 0-1

[Event "51 C.I.S. Promozione Veneto 2"]
[Site "?"]
[Date "2019.03.15"]
[Round "1.1"]
[White "Ferrarini, Tommaso"]
[Black "Martinello, Edoardo"]
[Result "0-1"]
[WhiteElo "1346"]
[BlackElo "1585"]
[PlyCount "88"]
[EventDate "2019.??.??"]
[WhiteTeam "Valpolicella B"]
[BlackTeam "Micha Promozione"]

1. Nf3 Nc6 2. d4 d5 3. Bf4 Nf6 4. Nc3 e6 5. a3 Bd6 6. Bxd6 Qxd6 7. e3 e5 8.
dxe5 Nxe5 9. Nxe5 Qxe5 10. Qd4 Qxd4 11. exd4 Bf5 12. O-O-O O-O-O 13. f3 Rhe8
14. Bd3 Bxd3 15. Rxd3 Re6 16. b4 Rde8 17. Kd2 c6 18. g4 Nd7 19. Na4 Re2+ 20.
Kd1 Rf2 21. Re1 Rxe1+ 22. Kxe1 Rxh2 23. Re3 Kd8 24. Kd1 Rh6 25. Kd2 Rf6 26. Kd3
b5 27. Nc5 Nxc5+ 28. bxc5 Kd7 29. c3 g6 30. Ke2 h5 31. Re5 Re6 32. Ke3 hxg4 33.
fxg4 f6 34. Rxe6 Kxe6 35. Ke2 f5 36. Kf3 fxg4+ 37. Kxg4 Kf6 38. Kf4 g5+ 39. Kg4
Kg6 40. Kf3 Kf5 41. Ke3 g4 42. Kf2 Kf4 43. Kg2 g3 44. Kg1 Ke3 0-1

[Event "51 C.I.S. Promozione Veneto 2"]
[Site "?"]
[Date "2019.03.15"]
[Round "1.2"]
[White "Scandiuzzi, Roberto"]
[Black "Ferrarini, Zeno"]
[Result "0-1"]
[WhiteElo "1303"]
[BlackElo "1364"]
[PlyCount "76"]
[EventDate "2019.??.??"]
[WhiteTeam "Micha Promozione"]
[BlackTeam "Valpolicella B"]

1. d4 d5 2. c4 dxc4 3. e3 e6 4. Bxc4 Nf6 5. Nf3 Bd6 6. Nc3 O-O 7. O-O a6 8. Qc2
b5 9. Bd3 Ra7 10. Re1 Re8 11. a3 Bb7 12. e4 e5 13. d5 Bc8 14. Bg5 h6 15. Bh4
Bg4 16. Be2 Bxf3 17. Bxf3 g5 18. Bg3 Nbd7 19. b4 Kf8 20. Qd1 Ke7 21. h4 Rg8 22.
h5 Rg7 23. Bg4 Nb6 24. Be2 Qg8 25. f3 Nxh5 26. Bf2 Nf4 27. Bxb6 cxb6 28. g4 Rh7
29. Bf1 Qh8 30. Ra2 Rc7 31. Ne2 a5 32. Nxf4 gxf4 33. Ree2 h5 34. Rh2 hxg4 35.
Rxh7 Qxh7 36. fxg4 Rc8 37. Rh2 Qxe4 38. Bg2 Qe3+ 0-1

[Event "51 C.I.S. Promozione Veneto 2"]
[Site "?"]
[Date "2019.03.15"]
[Round "1.3"]
[White "Zanini, Mattia"]
[Black "Perra, Carlo"]
[Result "1/2-1/2"]
[WhiteElo "1440"]
[BlackElo "1440"]
[PlyCount "142"]
[EventDate "2019.??.??"]
[WhiteTeam "Valpolicella B"]
[BlackTeam "Micha Promozione"]

1. d4 d5 2. Bf4 e6 3. Nf3 Bd6 4. Be3 Nf6 5. Bg5 Nbd7 6. Nc3 c6 7. e4 e5 8. exd5
exd4 9. Nxd4 cxd5 10. Nxd5 O-O 11. Nf5 Re8+ 12. Be2 Qa5+ 13. c3 Qxd5 14. Qxd5
Nxd5 15. Nxd6 Re6 16. Nb5 a6 17. Nd4 Re8 18. O-O N7f6 19. Bc4 b5 20. Bxd5 Nxd5
21. Rfe1 Bb7 22. Nf5 h6 23. Nd6 Rxe1+ 24. Rxe1 Bc6 25. Bd2 Nf6 26. Nf5 Be4 27.
Nd6 Bg6 28. c4 bxc4 29. Nxc4 Ne4 30. f3 Nxd2 31. Nxd2 Rc8 32. Ne4 Rc2 33. Rb1
Bxe4 34. fxe4 Re2 35. a3 Rxe4 36. Rc1 Re2 37. Rc6 Rxb2 38. Rxa6 Ra2 39. Ra8+
Kh7 40. Ra7 Kg6 41. h3 f5 42. h4 h5 43. Ra6+ Kf7 44. Kh2 g6 45. Kg3 Ke7 46.
Rxg6 Rxa3+ 47. Kf4 Kf7 48. Rg5 Ra4+ 49. Kxf5 Rxh4 50. g3 Rg4 51. Rxg4 hxg4 52.
Kxg4 Kg6 53. Kf3 Kg5 54. g4 Kf6 55. Kf4 Kg6 56. g5 Kf7 57. Kf5 Kg7 58. g6 Kg8
59. Kg4 Kg7 60. Kg5 Kg8 61. Kg4 Kg7 62. Kg5 Kg8 63. Kf6 Kf8 64. Kg5 Kg7 65. Kh5
Kg8 66. Kh6 Kh8 67. Kg5 Kg7 68. Kf5 Kg8 69. Kf6 Kf8 70. g7+ Kg8 71. Kf5 Kxg7
1/2-1/2

[Event "51 C.I.S. Promozione Veneto 2"]
[Site "?"]
[Date "2019.03.15"]
[Round "1.4"]
[White "Andreose, Pietro"]
[Black "Daldosso, Christian"]
[Result "1/2-1/2"]
[WhiteElo "1341"]
[BlackElo "1431"]
[PlyCount "68"]
[EventDate "2019.??.??"]
[WhiteTeam "Micha Promozione"]
[BlackTeam "Valpolicella B"]

1. d4 Nf6 2. Nf3 d5 3. e3 c5 4. Bd3 Nc6 5. b3 cxd4 6. exd4 Bg4 7. Bb2 Qb6 8.
Nbd2 e6 9. O-O Be7 10. h3 Bh5 11. Qe1 O-O 12. c3 Rfd8 13. Ne5 Nxe5 14. dxe5 Nd7
15. Kh1 Nc5 16. Bc2 Qa6 17. c4 dxc4 18. Nxc4 Nd3 19. Bxd3 Rxd3 20. f3 Rad8 21.
Qa5 Qxa5 22. Nxa5 Bb4 23. Nxb7 R8d7 24. Nd6 Bxd6 25. exd6 R7xd6 26. Rac1 f6 27.
Kg1 Rd2 28. Ba1 Rxa2 29. Rc8+ Kf7 30. Rc7+ Kf8 31. Bc3 Rd8 32. Bb4+ Kg8 33.
Rfc1 Be8 34. Rb7 Bg6 1/2-1/2

[Event "51 C.I.S. Promozione Veneto 2"]
[Site "?"]
[Date "2019.03.15"]
[Round "1.1"]
[White "Perryman, Marcus"]
[Black "Curto, Carlo Alberto"]
[Result "1/2-1/2"]
[WhiteElo "1911"]
[BlackElo "1577"]
[PlyCount "120"]
[EventDate "2019.??.??"]
[WhiteTeam "I Leoncini del Perezz"]
[BlackTeam "I Cavalli del Battinelli"]

1. e4 e5 2. Nf3 Nc6 3. Bc4 Bc5 4. c3 Nf6 5. d3 h6 6. a4 a6 7. O-O d6 8. Nbd2
Bg4 9. Re1 O-O 10. h3 Be6 11. a5 Bxc4 12. Nxc4 Nd7 13. d4 exd4 14. cxd4 Bb4 15.
Bd2 Bxd2 16. Qxd2 Re8 17. Rad1 Qf6 18. Qc3 Qd8 19. e5 d5 20. Ne3 Ne7 21. Rc1 c6
22. Nh4 Nf8 23. Nhf5 Nc8 24. Rf1 Ng6 25. f4 Nge7 26. Ng3 Rf8 27. Ng4 Kh8 28. f5
Ng8 29. b4 Qg5 30. f6 g6 31. Rce1 h5 32. Qe3 Qxe3+ 33. Nxe3 Na7 34. Nc2 Nb5 35.
Ne2 Nh6 36. Nf4 Kh7 37. e6 Nc3 38. e7 Rfe8 39. Nd3 Ne4 40. Nc5 Nxc5 41. bxc5
Nf5 42. Kh2 h4 43. Rb1 Rab8 44. Rb3 Kh6 45. Rfb1 Kg5 46. Rxb7 Ra8 47. Rc7 Kxf6
48. Rxc6+ Kxe7 49. Rb7+ Kf8 50. Rcc7 Re7 51. Rxe7 Nxe7 52. Nb4 Nf5 53. c6 Nd6
54. Rd7 Nb5 55. Rxd5 Ke8 56. Rd7 Rc8 57. d5 Nc7 58. d6 Nb5 59. Re7+ Kf8 60. Rd7
Ke8 1/2-1/2

[Event "51 C.I.S. Promozione Veneto 2"]
[Site "?"]
[Date "2019.03.15"]
[Round "1.2"]
[White "Scagliarini, Gennaro"]
[Black "Khachab, Ibrahim"]
[Result "0-1"]
[WhiteElo "1579"]
[BlackElo "1932"]
[PlyCount "38"]
[EventDate "2019.??.??"]
[WhiteTeam "I Cavalli del Battinelli"]
[BlackTeam "I Leoncini del Perezz"]

1. d4 g6 2. e3 Bg7 3. Bd3 Nf6 4. Nf3 O-O 5. O-O d6 6. Nbd2 Nbd7 7. c3 e5 8. e4
c5 9. d5 Ne8 10. Re1 f5 11. Nc4 f4 12. g3 fxg3 13. hxg3 b5 14. Ncd2 c4 15. Bf1
Nc5 16. Kg2 Bg4 17. b3 Bh6 18. bxc4 Bxd2 19. Nh2 Bxd1 0-1

[Event "51 C.I.S. Promozione Veneto 2"]
[Site "?"]
[Date "2019.03.15"]
[Round "1.3"]
[White "Bonini, Roberto"]
[Black "Zonta, Riccardo"]
[Result "1-0"]
[WhiteElo "1735"]
[BlackElo "1539"]
[PlyCount "61"]
[EventDate "2019.??.??"]
[WhiteTeam "I Leoncini del Perezz"]
[BlackTeam "I Cavalli del Battinelli"]

1. e4 b6 2. d4 Bb7 3. Bd3 e6 4. Nf3 Nf6 5. Qe2 Be7 6. O-O O-O 7. b3 d6 8. Bb2
Nbd7 9. Nbd2 Qc8 10. c4 Re8 11. e5 dxe5 12. dxe5 Ng4 13. Bc2 Nf8 14. Rad1 Nh6
15. Ne4 Nf5 16. Nd4 Nxd4 17. Bxd4 c5 18. Bb2 Qc6 19. Qg4 Ng6 20. Nd6 Red8 21.
Be4 Qc7 22. Nxb7 Rxd1 23. Rxd1 Nxe5 24. Bxh7+ Kxh7 25. Qh5+ Kg8 26. Qxe5 Qxe5
27. Bxe5 f6 28. Bc7 Rc8 29. Bd8 Kf7 30. Rd7 Ke8 31. Rxe7+ 1-0

[Event "51 C.I.S. Promozione Veneto 2"]
[Site "?"]
[Date "2019.03.15"]
[Round "1.4"]
[White "Antolini, Aldo"]
[Black "Cantore, Michele"]
[Result "1/2-1/2"]
[WhiteElo "1560"]
[BlackElo "1615"]
[PlyCount "72"]
[EventDate "2019.??.??"]
[WhiteTeam "I Cavalli del Battinelli"]
[BlackTeam "I Leoncini del Perezz"]

1. e4 c5 2. Nf3 d6 3. d4 cxd4 4. Nxd4 Nf6 5. Nc3 a6 6. Be3 e6 7. Bd3 Be7 8. O-O
O-O 9. h3 Nc6 10. Nf3 Bd7 11. Na4 b5 12. Nb6 Rb8 13. Nxd7 Nxd7 14. Qd2 Nde5 15.
Nd4 Nxd4 16. Bxd4 Nxd3 17. cxd3 e5 18. Be3 f5 19. exf5 Rxf5 20. Rac1 d5 21. d4
e4 22. Rc6 Rb6 23. Rfc1 Rxc6 24. Rxc6 Rf6 25. Qc1 Rxc6 26. Qxc6 Qd6 27. Qc8+
Kf7 28. Qf5+ Kg8 29. Bf4 Qc6 30. Qe5 Bf6 31. Qb8+ Kf7 32. Qa7+ Kg6 33. Be3 h6
34. a3 Kh7 35. Kh1 Bd8 36. Qf7 Bf6 1/2-1/2

[Event "51 C.I.S. Promozione Veneto 2"]
[Site "?"]
[Date "2019.03.16"]
[Round "2.1"]
[White "Furlato, Adriano"]
[Black "Macalello, Angelo"]
[Result "0-1"]
[WhiteElo "1440"]
[BlackElo "1618"]
[PlyCount "80"]
[EventDate "2019.??.??"]
[WhiteTeam "Scacchi Berici 1"]
[BlackTeam "I Cavalli del Battinelli"]

1. e4 c5 2. Nf3 d6 3. Bc4 e6 4. Nc3 a6 5. Bb3 Nf6 6. d3 Nc6 7. Be3 Be7 8. O-O
Bd7 9. h3 b5 10. Ne2 Na5 11. c3 Nxb3 12. Qxb3 c4 13. Qc2 cxd3 14. Qxd3 e5 15.
Rad1 O-O 16. Bg5 Be6 17. Bxf6 gxf6 18. a3 Kh8 19. Ng3 Bc4 20. Qd2 Bxf1 21. Kxf1
Qc7 22. Nf5 Rad8 23. Qh6 Rg8 24. Qh5 Bf8 25. g4 Qc4+ 26. Kg2 Qxe4 27. Qxf7 Qxf5
28. Qxg8+ Kxg8 29. gxf5 d5 30. Kg3 Kf7 31. h4 h5 32. Kh3 Bc5 33. Kg2 d4 34.
cxd4 exd4 35. Rd3 Rd5 36. b4 Bb6 37. Kg3 Rxf5 38. Nxd4 Rd5 39. Rc3 Bxd4 40. Rd3
Be5+ 0-1

[Event "51 C.I.S. Promozione Veneto 2"]
[Site "?"]
[Date "2019.03.16"]
[Round "2.2"]
[White "Scagliarini, Gennaro"]
[Black "Pasin, Danilo"]
[Result "0-1"]
[WhiteElo "1579"]
[BlackElo "1392"]
[PlyCount "73"]
[EventDate "2019.??.??"]
[WhiteTeam "I Cavalli del Battinelli"]
[BlackTeam "Scacchi Berici 1"]

1. d4 d5 2. Nf3 Nf6 3. e3 e6 4. Bd3 Bd6 5. Ne5 c5 6. c3 O-O 7. f4 Ne4 8. Nf3
Nd7 9. O-O a6 10. Nbd2 Ndf6 11. Ne5 Qc7 12. Qf3 Nxd2 13. Bxd2 b6 14. g4 Bb7 15.
h4 Ne4 16. Qg2 f6 17. Nf3 a5 18. g5 Ba6 19. Bxa6 Rxa6 20. h5 fxg5 21. fxg5 Ng3
22. Rfe1 Nxh5 23. Qg4 Qf7 24. Rf1 Qe8 25. Nh4 Ng3 26. Rf3 Rxf3 27. Nxf3 Ra7 28.
Ne5 Bxe5 29. dxe5 Ne4 30. Be1 Qg6 31. Bh4 Rf7 32. Rf1 h6 33. Rxf7 Kxf7 34. Qf4+
Kg8 35. Qf1 Nxg5 36. Qg2 Nf3+ 37. Kf1 0-1

[Event "51 C.I.S. Promozione Veneto 2"]
[Site "?"]
[Date "2019.03.16"]
[Round "2.3"]
[White "Biasiolo, Michele"]
[Black "Leone, Cataldo"]
[Result "1/2-1/2"]
[WhiteElo "1565"]
[BlackElo "1490"]
[PlyCount "99"]
[EventDate "2019.??.??"]
[WhiteTeam "Scacchi Berici 1"]
[BlackTeam "I Cavalli del Battinelli"]

1. e4 e5 2. Nf3 Nc6 3. b3 Bc5 4. Bb2 d6 5. Be2 Nf6 6. d3 O-O 7. O-O a6 8. Nbd2
h6 9. Nc4 Be6 10. Ne3 Qd7 11. a3 Ng4 12. Qd2 b5 13. d4 Nxd4 14. Nxd4 Nxe3 15.
fxe3 exd4 16. exd4 Bb6 17. Kh1 Rae8 18. Rf4 Qe7 19. Raf1 c6 20. d5 cxd5 21.
exd5 Bc8 22. Bd3 Be3 23. Qc3 Qe5 24. Qxe5 dxe5 25. Re4 Bc5 26. a4 bxa4 27. Rxa4
f5 28. Bxa6 e4 29. Be2 Bb7 30. c4 f4 31. Ba3 Bxa3 32. Rxa3 f3 33. gxf3 exf3 34.
Bxf3 Re3 35. Bg2 Rb8 36. Rf3 Re1+ 37. Bf1 Rbe8 38. Kg2 Bc8 39. Ra7 Rb1 40. Rff7
Rb2+ 41. Kg1 Rb1 42. Rxg7+ Kh8 43. Rh7+ Kg8 44. Rxh6 Rf8 45. d6 Rbxf1+ 46. Kg2
R1f2+ 47. Kg1 Rf1+ 48. Kg2 R8f2+ 49. Kg3 Rf3+ 50. Kg2 1/2-1/2